01173nam a22002657a 4500003000900000005001700009007000300026008004100029040002500070041000800095082002600103110005700129130002000186245018600206260004400392300002700436650002000463650006000483651007400543700009100617942001400708952014000722956002800862999001700890DO-SdBNP20220922144758.0ta220922b1936 |||c|||e l||| 00| s spa d aDO-SdBNPbspacBNPHU hspa 1222a320.97293 bR426d 1aRepública Dominicana.bPresidente 1981-1989982417 1aDiscurso93914710aDiscurso pronunciado por el generalisimo Doctor Rafael Leónidas Trujillo Molina, en su visita a la región del sur con motivo de la inauguración del Canal de Riesgo de Matayaya aSan Juan de la Maguana :b[s.n.],c1936 a8 p. :bretr.;c22 cm. 4aDiscurso982418 4930670aDiscursos presidencialeszRepública Dominicana 4926116aRepública DominicanaxPolítica y gobienoxDiscursoy1936 - 1aTrujillo Molina, Rafael Leónidasd1891-1961ePresidenteeBenefactortDiscurso982419 2ddccLBS1 00102ddc51708PD-RVaBNPHUbBNPHUcCTd2022-09-22eDonadol0oBNPHU PD - RV 320.97293 R426dp2022-4047r2022-09-22w2022-09-22yLBS1 aInventariado, 2022 / SA c52449d52449